Statistics for East African Foods

Click here to take the quiz!

General Stats

  • This quiz has been taken 3 times
  • The average score is 12 of 30

Answer Stats

DescriptionAnswer% Correct
Indian wheat flour flatbread commonly enjoyed across East AfricaChapo (chapati)
100%
Holey, fermented flatbread typically topped with a variety of stewsInjera
100%
Name for Ethiopian or Eritrean stewsWat
100%
Staple red spice mixture used in the aboveBerbere
67%
Bean that was first discovered in the Ethiopian highlands in the 9th centuryCoffee
67%
Mozambican chilli sauce which provided the inspiration for Nando'sPiri-piri
67%
Variation of samosas in the Horn of AfricaSambusas
67%
Staple maize flour dough that is considered to be East Africa's version of fufuUgali
67%
South Indian curried, pickled vegetables commonly consumed in the cuisine of the Indian Ocean nationsAchards
33%
Staple Somali rice and roasted meat platterBariis iskukaris
33%
Potato chip omelette which translates from Swahili to 'chips and eggs'Chipsi mayai
33%
Ethiopian and Eritrean stew of shredded pieces of breadFit-fit
33%
Zimbabwean stew of a range of meats (often different cuts of chicken) and leafy greensGango
33%
Kenya's national dish 'nyama choma' typically comprises grilled ____ meatGoat
33%
Brown sweetener that is a concentrated product of either sugarcane juice or palm sapJaggery
33%
Diced tomato and onion saladKachumbari
33%
Ethiopian raw minced beef dishKitfo
33%
Char-grilled chicken and coconut curryKuku Paka
33%
Green bananas that are often mashedMatoke
33%
Kenyan spiced blood sausageMutura
33%
Term for a rice dish that is seasoned with stock and/or spicesPilau
33%
Grape and berry flavoured soft drink typically enjoyed with Somali cuisineShani
33%
Pasta typically topped with a stew in Somali cuisineSpaghetti
33%
Swahili rice and coconut pancakes that are typically infused with cardamomVitumbua
33%
Dish of beans and the aboveKikomando
0%
Ugandan dish of meat chunks (and sometimes smoked fish) that are wrapped and slow cooked in banana leavesLuwombo
0%
Zimbabwean sweet butter rollsMabhanzi
0%
Fermented maize and millet malt drink of Southern African originMahewu
0%
Swahili fried doughnuts that have a mildly sweet flavourMandazi
0%
Collard greens side dish which translates from Swahili to 'push/stretch the week'Sukuma wiki
0%

Score Distribution

Percentile by Number Answered

Percent of People with Each Score

Your Score History

You have not taken this quiz